|
|
|
|
| LEADER |
00000nam0a2200000 4500 |
| 001 |
204007 |
| 005 |
20231101225203.0 |
| 035 |
|
|
|a (RuTPU)RU\TPU\book\222332
|
| 090 |
|
|
|a 204007
|
| 100 |
|
|
|a 20111117d2011 k y0rusy50 ca
|
| 101 |
0 |
|
|a rus
|
| 102 |
|
|
|a RU
|
| 105 |
|
|
|a a dm 001zy
|
| 200 |
1 |
|
|a Электронные состояния в квантово-размерных и дефектных полупроводниковых структурах
|e автореферат диссертации на соискание ученой степени доктора физико-математических наук
|e спец. 27.10.2011 г.
|f С. Н. Гриняев
|g Томский государственный университет (ТГУ), Сибирский физико-технический институт им. В. Д. Кузнецова (СФТИ) ; Национальный исследовательский Томский политехнический университет (ТПУ), Кафедра теоретической и экспериментальной физики ; науч. рук. Г. Ф. Караваев
|
| 210 |
|
|
|a Томск
|d 2011
|
| 215 |
|
|
|a 48 с.
|c ил.
|
| 300 |
|
|
|a Защита сост. 27.10.2011 г.
|
| 320 |
|
|
|a Библиогр.: с. 44-48 (47 назв.).
|
| 500 |
1 |
0 |
|2 stltpush
|a Электронные состояния в квантоворазмерных и дефектных полупроводниковых структурах
|
| 606 |
1 |
|
|a Полупроводники
|x Электронная теория
|2 stltpush
|3 (RuTPU)RU\TPU\subj\50639
|9 69291
|
| 610 |
1 |
|
|a авторефераты диссертаций
|
| 610 |
1 |
|
|a дефектные полупроводниковые структуры
|
| 610 |
1 |
|
|a дефектные полупроводниковые структуры
|
| 610 |
1 |
|
|a электронные состояния
|
| 610 |
1 |
|
|a кристаллы
|
| 610 |
1 |
|
|a наноструктуры
|
| 610 |
1 |
|
|a сверхрешетки
|
| 610 |
1 |
|
|a интерфейсный потенциал
|
| 610 |
1 |
|
|a дефекты
|
| 610 |
1 |
|
|a вакансии
|
| 610 |
1 |
|
|a глубокие уровни
|
| 610 |
1 |
|
|a кластеры
|
| 610 |
1 |
|
|a пирамидальные квантовые точки
|
| 610 |
1 |
|
|a электроны
|
| 610 |
1 |
|
|a туннелирование
|
| 610 |
1 |
|
|a авторефераты диссертаций
|
| 610 |
1 |
|
|a труды учёных ТПУ
|
| 675 |
|
|
|a 537.311.322:530.145(04)
|v 3
|
| 686 |
|
|
|a 01.04.10
|2 oksvnk
|
| 700 |
|
1 |
|a Гриняев
|b С. Н.
|c физик
|c доцент Томского политехнического университета, кандидат физико-математических наук
|f 1951-
|g Сергей Николаевич
|2 stltpush
|3 (RuTPU)RU\TPU\pers\28952
|
| 702 |
|
1 |
|a Караваев
|b Г. Ф.
|g Геннадий Федорович
|4 695
|
| 712 |
0 |
2 |
|a Томский государственный университет (ТГУ)
|b Сибирский физико-технический институт им. В. Д. Кузнецова (СФТИ)
|2 stltpush
|3 (RuTPU)RU\TPU\col\861
|
| 712 |
0 |
2 |
|a Национальный исследовательский Томский политехнический университет (ТПУ)
|b Кафедра теоретической и экспериментальной физики
|c (2009- )
|2 stltpush
|3 (RuTPU)RU\TPU\col\15902
|
| 801 |
|
1 |
|a RU
|b 63413507
|c 20111117
|
| 801 |
|
2 |
|a RU
|b 63413507
|c 20111202
|g RCR
|
| 942 |
|
|
|c BK
|